000
00323nam a2200133Ia 4500
008
240624s9999 xx 000 0 und d
041
_a
eng
082
_a
340 MUT
100
_a
MUTHUSWAMY
245
_a
CONDUCT RULES
260
_c
2014
_a
Chennai
_b
Swamy Publication
300
_a
xv, : 228 : p. : cm. ; 18
365
_c
RS
_b
15
999
_c
23936
_d
23936